[Event "EU-chT U18"]
[Site "Iasi"]
[Date "2023.07.26"]
[Round "3.3"]
[White "Miazhynski, Michael"]
[Black "Trifan, Nicolae"]
[Result "1-0"]
[WhiteElo "2142"]
[BlackElo "1217"]
[PlyCount "79"]
[EventDate "2023.07.24"]
[EventType "team-swiss"]
[EventRounds "7"]
[EventCountry "ROU"]
[SourceTitle "CBM 215 Extra"]
[Source "ChessBase"]
[SourceDate "2023.09.30"]
[SourceVersion "1"]
[SourceVersionDate "2023.09.30"]
[SourceQuality "1"]
[WhiteTeam "Austria U18"]
[BlackTeam "Romania Iasi U18"]
[WhiteTeamCountry "AUT"]
[BlackTeamCountry "ROU"]

1. e4 e6 2. d4 d5 3. e5 c5 4. c3 Nc6 5. Nf3 Qb6 6. a3 cxd4 7. cxd4 Nge7 8. b4 Nf5 9. Bb2 Bd7 10. Be2 Rc8 11. 0-0 Na5 12. Nbd2 h5 13. Rc1 Rxc1 14. Qxc1 Nc6 15. Nb3 h4 16. h3 Be7 17. Bd3 Rg8 18. Qc3 a6 19. Nc5 Bc8 20. Rc1 g5 21. Nxa6 bxa6 22. Qxc6+ Qxc6 23. Rxc6 Kd7 24. Rc2 g4 25. hxg4 Rxg4 26. b5 axb5 27. Bxb5+ Kd8 28. Bc3 Bd7 29. Ba5+ Ke8 30. Rc8+ Bd8 31. Rxd8+ Ke7 32. Rxd7+ Kf8 33. Bb6 h3 34. g3 Nxg3 35. fxg3 Rxg3+ 36. Kf2 Rg2+ 37. Ke3 Rg3 38. Kf4 Rg2 39. Rc7 h2 40. Rc1 1-0